| 000 | 00560nam a2200205 4500 | ||
|---|---|---|---|
| 003 | OSt | ||
| 005 | 20231019090810.0 | ||
| 008 | 140716b xxu||||| |||| 00| 0 eng d | ||
| 020 | _a0340662336 | ||
| 040 | _c040a | ||
| 082 | _aQZ 4 M896 1992 | ||
| 100 |
_aEdited by Roderick, N. M. MacSween; Keith, Waley _916800 |
||
| 245 | _aMuir's Textbook of Pathology | ||
| 250 | _a13th ed. | ||
| 260 |
_aLondon; _bArnold, _c2008. |
||
| 300 |
_axvi, 1245p ; _bcol.ill: _c27cm . |
||
| 504 | _aincludes references and index | ||
| 650 |
_aPathology _937 |
||
| 942 |
_2z _cSLOAN |
||
| 999 |
_c734 _d734 |
||